| 000 | 00524nam a22001937a 4500 | ||
|---|---|---|---|
| 005 | 20260601114106.0 | ||
| 010 | _aENG-148664 | ||
| 020 |
_a9789349042575 _c150.00 |
||
| 035 | _aEN-132196 | ||
| 037 | _bDBAD | ||
| 082 |
_aS _21 |
||
| 100 | _aDoyle, Arthur Conan | ||
| 245 |
_aA Study in Scarlet/ _cArthur Conan Doyle |
||
| 250 | _a1 | ||
| 260 |
_aChandigarh _bThe Browser _c2026 |
||
| 270 |
_bChandigarh _aSCO 14-15, Sector 8-C _e160009 _mservice@thebrowser.org |
||
| 300 |
_a120p. _c21cm(pb) |
||
| 942 |
_2ddc _cEN _hS _mDOY |
||
| 999 |
_c216424 _d216424 |
||